[Event "First Saturday FM B 09 2012"]
[Site "Budapest"]
[Date "2012.09.09"]
[Round "8.2"]
[White "Lukacs, Albert"]
[Black "Barla, Janos"]
[Result "1-0"]
[WhiteElo "1846"]
[BlackElo "1774"]
[PlyCount "67"]
[EventDate "2012.09.01"]

1. e4 d6 2. d4 Nf6 3. Nc3 e6 4. Nf3 c6 5. Bd3 Be7 6. O-O a5 7. h3 Na6 8. Be3 a4
9. a3 b5 10. d5 exd5 11. exd5 Nxd5 12. Nxd5 cxd5 13. Bxb5+ Bd7 14. Bxd7+ Qxd7
15. Qxd5 O-O 16. Rfd1 Qe6 17. Bg5 Qxd5 18. Rxd5 Nc7 19. Bxe7 Nxd5 20. Bxf8 Kxf8
21. Rd1 Ra5 22. Nd4 Nb6 23. Nc6 Rd5 24. Rxd5 Nxd5 25. Kf1 Nb6 26. b3 Ke8 27.
Ke2 Kd7 28. Nd4 Nd5 29. g3 Nc3+ 30. Kd3 Nb1 31. Nb5 Kc6 32. bxa4 d5 33. c3 d4
34. cxd4 1-0

[Event "First Saturday FM B 09 2012"]
[Site "Budapest"]
[Date "2012.09.09"]
[Round "8.4"]
[White "Nemeth, Otto"]
[Black "Benyoussef, Salem"]
[Result "1-0"]
[WhiteElo "1824"]
[BlackElo "1661"]
[PlyCount "93"]
[EventDate "2012.09.01"]

1. e4 d5 2. e5 e6 3. Nf3 c5 4. b3 Ne7 5. Bd3 Nbc6 6. Bb2 Nb4 7. Be2 Ng6 8. c3
Nc6 9. d4 cxd4 10. cxd4 Bb4+ 11. Nc3 Qa5 12. Qd2 Nf4 13. Bf1 Ng6 14. a3 Be7 15.
b4 Qd8 16. g3 a6 17. Bd3 b5 18. Rc1 Bb7 19. h4 h6 20. Ne2 O-O 21. Bb1 Re8 22.
Bxg6 fxg6 23. Qd3 Bf8 24. Qxg6 Qe7 25. Nf4 Qf7 26. Ke2 Rac8 27. h5 Qxg6 28.
Nxg6 Ne7 29. Nxf8 Kxf8 30. g4 Rc4 31. Rxc4 dxc4 32. Rc1 Nd5 33. Nh4 Nf4+ 34.
Ke3 Nd5+ 35. Kd2 Rc8 36. Bc3 Kf7 37. Ng6 Ne7 38. Nxe7 Kxe7 39. Ke3 Rf8 40. f4
Bd5 41. Rg1 Bb7 42. Rf1 Bc8 43. Rg1 Bb7 44. g5 Rf7 45. gxh6 gxh6 46. Rg6 Rh7
47. f5 1-0

[Event "First Saturday FM B 09 2012"]
[Site "Budapest"]
[Date "2012.09.09"]
[Round "8.5"]
[White "Mayer, Istvan"]
[Black "Gruz, Janos"]
[Result "1-0"]
[WhiteElo "2072"]
[BlackElo "1820"]
[PlyCount "37"]
[EventDate "2012.09.01"]

1. e4 d6 2. d4 c6 3. Nc3 Qc7 4. f4 Nf6 5. Nf3 Bg4 6. h3 Bxf3 7. Qxf3 g6 8. Be3
Bg7 9. O-O-O h5 10. g4 hxg4 11. hxg4 Rxh1 12. Qxh1 Nxg4 13. Bg1 Nf6 14. e5 Nh5
15. Be2 Nxf4 16. Qh7 Nxe2+ 17. Nxe2 Bf8 18. e6 f6 19. Qf7+ 1-0

[Event "First Saturday FM B 09 2012"]
[Site "Budapest"]
[Date "2012.09.10"]
[Round "9.1"]
[White "Gruz, Janos"]
[Black "Szabo, Miklos"]
[Result "1-0"]
[WhiteElo "1820"]
[BlackElo "1340"]
[PlyCount "47"]
[EventDate "2012.09.01"]

1. Nf3 d5 2. e3 Nf6 3. Be2 c5 4. d4 Nc6 5. c3 Bf5 6. dxc5 e5 7. b4 e4 8. Nd4
Bd7 9. Qb3 Ne5 10. Nd2 Bg4 11. f3 Bd7 12. Bb2 Qe7 13. c4 dxc4 14. Nxc4 exf3 15.
Nd6+ Kd8 16. gxf3 Bc6 17. Nxc6+ bxc6 18. O-O-O Kc7 19. Qa4 Nxf3 20. Bxf3 Qxe3+
21. Kb1 Qxf3 22. Qa5+ Kd7 23. Nxf7+ Ke6 24. Ng5+ 1-0

[Event "First Saturday FM B 09 2012"]
[Site "Budapest"]
[Date "2012.09.10"]
[Round "9.2"]
[White "Benyoussef, Salem"]
[Black "Mayer, Istvan"]
[Result "0-1"]
[WhiteElo "1661"]
[BlackElo "2072"]
[PlyCount "68"]
[EventDate "2012.09.01"]

1. d4 d5 2. Nf3 Nf6 3. g3 Bf5 4. Bg2 h6 5. O-O e6 6. b3 c5 7. e3 Nc6 8. Bb2 Nb4
9. Na3 Rc8 10. c4 Nd3 11. Qd2 Nxb2 12. Qxb2 Qa5 13. Nc2 Ne4 14. dxc5 Nxc5 15.
Ncd4 Bd3 16. Rfd1 dxc4 17. bxc4 Bxc4 18. Nb3 Qb6 19. Rac1 Bd5 20. Rd2 Rc6 21.
Nxc5 Qxb2 22. Rxb2 Rxc5 23. Rxc5 Bxc5 24. Nd4 Bxg2 25. Kxg2 Bxd4 26. exd4 b6
27. f4 Kd7 28. Rc2 Rc8 29. Rxc8 Kxc8 30. Kf2 Kd7 31. Ke3 Kd6 32. Ke4 b5 33. Ke3
Kd5 34. Kd3 b4 0-1

[Event "First Saturday FM B 09 2012"]
[Site "Budapest"]
[Date "2012.09.10"]
[Round "9.3"]
[White "Csiba, Tibor"]
[Black "Nemeth, Otto"]
[Result "0-1"]
[WhiteElo "1536"]
[BlackElo "1824"]
[PlyCount "142"]
[EventDate "2012.09.01"]

1. d4 d5 2. c4 c6 3. cxd5 cxd5 4. Bf4 Nc6 5. a3 Qb6 6. Nc3 e6 7. Rb1 Qxd4 8.
Qxd4 Nxd4 9. e3 Nc6 10. Nb5 e5 11. Bg3 Kd8 12. Nf3 f6 13. Rd1 Be6 14. e4 d4 15.
Nc3 Nge7 16. Bb5 a6 17. Bxc6 bxc6 18. O-O Ke8 19. Ne2 c5 20. Ne1 Nc6 21. f4 Bd6
22. fxe5 fxe5 23. Nf3 Bc4 24. Rfe1 Rb8 25. Rd2 Rd8 26. Nc1 Rb8 27. Ne2 Kd7 28.
Rb1 h6 29. Nc1 Rhf8 30. b3 g5 31. h3 a5 32. Rdb2 Ba6 33. Nd2 Rb6 34. Nc4 Bxc4
35. bxc4 Rxb2 36. Rxb2 Rb8 37. Rxb8 Nxb8 38. Nd3 Ke6 39. Be1 Nc6 40. g4 Kd7 41.
Kf1 Be7 42. Ke2 Kd6 43. Nc1 Bd8 44. Nd3 Ne7 45. h4 Ng6 46. hxg5 hxg5 47. a4 Ne7
48. Kd1 Nc6 49. Kc2 Nb8 50. Kb3 Nd7 51. Kc2 Ke6 52. Bd2 Kd6 53. Be1 Nf8 54. Kd1
Ng6 55. Ke2 Nf4+ 56. Kd2 Ng2 57. Bg3 Bf6 58. Be1 Ne3 59. Nb2 Nxg4 60. Ke2 Bd8
61. Kf3 Nf6 62. Nd3 g4+ 63. Kg2 Nxe4 64. Nf2 Nxf2 65. Bxf2 e4 66. Kg3 e3 67.
Bg1 Ke5 68. Kxg4 Ke4 69. Kg3 d3 70. Bf2 Bh4+ 71. Kxh4 exf2 0-1

[Event "First Saturday FM B 09 2012"]
[Site "Budapest"]
[Date "2012.09.10"]
[Round "9.4"]
[White "Barla, Janos"]
[Black "Mihajlova, Diana"]
[Result "1-0"]
[WhiteElo "1774"]
[BlackElo "1456"]
[PlyCount "72"]
[EventDate "2012.09.01"]

1. e4 d5 2. e5 c5 3. f4 Bf5 4. d3 Nc6 5. c3 f6 6. Nf3 Bg4 7. Be2 Bxf3 8. Bxf3
fxe5 9. f5 Nf6 10. Bh5+ g6 11. fxg6 hxg6 12. Bxg6+ Kd7 13. Na3 Rg8 14. Bf5+ e6
15. Bh3 Qb6 16. O-O Be7 17. Rxf6 Bxf6 18. Qf3 Ke7 19. Bh6 e4 20. dxe4 Ne5 21.
Qe2 dxe4 22. Qxe4 Rad8 23. Qh7+ Nf7 24. Re1 e5 25. Nc4 Qc7 26. Qf5 Rd6 27. Nxd6
Qxd6 28. Be3 Bh4 29. Rf1 Bf6 30. Kh1 b6 31. a3 a5 32. Qe4 Nd8 33. b4 Rh8 34.
Bg4 Rh4 35. h3 Rxg4 36. hxg4 Nf7 1-0

[Event "First Saturday FM B 09 2012"]
[Site "Budapest"]
[Date "2012.09.10"]
[Round "9.5"]
[White "Korondi, Marton"]
[Black "Lukacs, Albert"]
[Result "0-1"]
[WhiteElo "1549"]
[BlackElo "1846"]
[PlyCount "64"]
[EventDate "2012.09.01"]

1. e4 c5 2. Nf3 e6 3. d4 cxd4 4. Nxd4 a6 5. Bd3 Qc7 6. Nc3 Nf6 7. O-O b5 8. a3
Bb7 9. Qe1 Bc5 10. Nb3 Ng4 11. g3 Bb6 12. Be2 Ne5 13. Bf4 Nbc6 14. Rd1 O-O-O
15. Rd2 d6 16. Qd1 Qe7 17. Re1 g5 18. Bxe5 Nxe5 19. Bf1 g4 20. Be2 h5 21. Kg2
f5 22. Bd3 f4 23. Rh1 f3+ 24. Kf1 h4 25. Ke1 hxg3 26. fxg3 f2+ 27. Kf1 Nf3 28.
Kg2 Rxh2+ 29. Rxh2 Nxh2 30. Rxf2 Qh7 31. Kg1 Rh8 32. Nd2 Qh3 0-1